000 01446cad a22002295a 4500
001 E147910
008 100203s2010 xxk f s000 0 eng d
020 _a9780755992256
035 _a(Sirsi) u147910
041 0 _aeng
110 2 _aScotland
_bScottish Government
_95344
245 0 0 _aLow-cost initiative for first-time buyers LIFT
_bnew supply shared equity scheme administrative procedures
_h[electronic resource]
260 _aEdinburgh
_bScottish Government
_c2010
505 2 _aIntroduction -- Section one, the New Supply Shared Equity scheme -- Section two, targeting and publicising the scheme, establishing affordability and conducting means testing -- Section three, grant administration procedures -- Section four, monitoring who is housed -- Section five, owners wishing to increase their equity stake -- Section six, owners wishing to sell their property -- Section seven, reviewing the New Supply Shared Equity scheme -- Section eight, further information -- Annexes
520 _aSets out detailed guidance for registered social landlords and grant providers on the Scottish Government's New Supply Shared Equity scheme.
521 _aAdvanced
590 _aKA
651 4 _aScotland
_y1999-
690 _aPROPERTY-RESIDENTIAL PROPERTY-DOMESTIC RESIDENTIAL PROPERTY-HOUSING
856 4 0 _uhttps://www.scotland.gov.uk/Publications/2010/01/27143321/0
_zView the guidance free of charge at www.scotland.gov.uk...
942 _n0
999 _c109781
_d109781